书目信息 |
| 题名: |
风力12在中国
|
|
| 作者: | 李俊峰 主编 | |
| 分册: | ||
| 出版信息: | 北京 化学工业出版社 2005 |
|
| 页数: | 110页 | |
| 开本: | 24cm | |
| 丛书名: | ||
| 单 册: | ||
| 中图分类: | TK89 , TM614 | |
| 科图分类: | ||
| 主题词: | 风力发电--feng li fa dian--研究--中国 , 风力能源--应用 , 发电--各种 | |
| 电子资源: | ||
| ISBN: | 7-5025-7817-X | |
| 000 | 00875nam0 2200253 450 | |
| 001 | 0100001652 | |
| 005 | 20071025105423.65 | |
| 010 | @a7-5025-7817-X@dCNY38.00 | |
| 100 | @a20070912d2005 ekmy0chiy0121 ea | |
| 101 | 0 | @achi |
| 102 | @aCN@b110000 | |
| 105 | @aabf z 000yy | |
| 200 | 1 | @a风力12在中国@Afeng li 12 zai zhong guo@f主编李俊峰 |
| 210 | @a北京@c化学工业出版社@d2005 | |
| 215 | @a110页@c彩图, 地图@d24cm | |
| 330 | @a本书以中国能源的安全供给和环境影响为背景, 论述了中国发展风力发电的战略理要性, 并且进一步从资源、技术和政策的角度分析达到2020年目标的可行性。本书兼具全球视野和本土观察, 适合关心中国风电发展的人士阅读。 | |
| 606 | 0 | @a风力发电@Afeng li fa dian@x研究@x中国 |
| 606 | 0 | @a风力能源@x应用 |
| 606 | 0 | @a发电@x各种 |
| 690 | @aTK89@v4 | |
| 690 | @aTM614@v4 | |
| 701 | 0 | @a李俊峰@Ali jun feng@4主编 |
| 801 | @aCN@c20071025 | |
| 905 | @dTK89@eL180 | |
| 风力12在中国/主编李俊峰.-北京:化学工业出版社,2005 |
| 110页:彩图, 地图;24cm |
| ISBN 7-5025-7817-X:CNY38.00 |
| 本书以中国能源的安全供给和环境影响为背景, 论述了中国发展风力发电的战略理要性, 并且进一步从资源、技术和政策的角度分析达到2020年目标的可行性。本书兼具全球视野和本土观察, 适合关心中国风电发展的人士阅读。 |
| ● |
| 相关链接 |
|
|
|
正题名:风力12在中国
索取号:TK89/L180
 
预约/预借
| 序号 | 登录号 | 条形码 | 馆藏地/架位号 | 状态 | 备注 |
| 1 | 663465 | 206634659 | 自科二线504/504自科库 39排1列5层/ [索取号:TK89/L180] | 在馆 | |
| 2 | 663466 | 206634668 | 自科库501/501自科库 136排8列4层/ [索取号:TK89/L180] | 在馆 | |
| 3 | 663467 | 206634677 | 自科库501/501自科库 136排8列4层/ [索取号:TK89/L180] | 在馆 |